000 01213nam a2200301 i 4500
003 EG-GICUC
005 20260126200429.0
008 260126s2003 ua ||||f |||| 00| 0 ara d
040 _a EG-GICUC
_bara
_c EG-GICUC
_d EG-GICUC
_erda
041 _aara
082 0 4 _a343.37
_bم ح . ش
_221
092 0 4 _221
099 _aLaw1 10 343.37 م ح . ش 2003 1006378
100 0 _aمحمود كبيش.
_eمؤلف.
245 1 0 _aشرح قانون الإجراءات الجنائية :
_bالمحاكمة والطعن في الأحكام /
_cتأليف الدكتور محمود كبيش، الدكتور مدحت رمضان .
264 1 _aالقاهرة :
_bدار الثقافة العربية ،
_c2003 .
300 _a195 صفحة ؛
_c24 سم
_bإيضاحيات، صور، مثيليات ؛
336 _2rda content
_atext
337 _2rda media
_aComputer
338 _2rda carrier
_aOnline Resource
504 _aيشتمل على إرجاعات ببليوجرافية
650 1 _aالمحاكمة الجنائية.
_2qrmak
651 1 _2qrmak
700 _aمدحت رمضان.
_eمؤلف.
856 4 0 _uhttps://fll.law.cu.edu.eg/fulltext/bks/B10-06378.pdf
905 _a18
942 _2ddc
_cBK
_e21
_n0
999 _c59534
_d59534